000 04709cam a22013694i 4500
001 u637
003 PE-LiUPU
005 20250813185640.0
008 150616s1979 mx a rb 000 0 spa d
020 _a0063150123
020 _a9780063150126
035 _a(Sirsi) i9780063150126
040 _aPE-LiUPU
_bspa
_cPE-LiUPU
_erda
049 _aPRUA
082 0 4 _a312
_bL54
_221
100 1 _aLevin, Jack,
_eautor.
245 1 0 _aFundamentos de estadística en la investigación social /
_cJack Levin.
264 1 _aMéxico :
_bHarla,
_c1979.
300 _a305 páginas :
_bilustraciones ;
_c21 centímetros
336 _atext
_2rdacontent
337 _aunmediated
_2rdamedia
338 _avolume
_2rdacarrier
500 _aOtra ed.: 1989.
504 _aBibliografía: páginas 301-302.
505 0 _aRazones por las que el investigador social emplea la estadística -- Descripción: -Organización de datos -- Gráficos -- Medidas de tendencia central -- Medidas de dispersión o variabilidad -- De la descripción a la toma de desiciones: -La curva normal -- Muestras y poblaciones -- La toma de desiciones: -Comprobación de diferencias entre medias -- Análisis de varianza -- Chi cuadrada y otras pyuebas no paramétricas -- Correlación -- Aplicación de métodos estadísticos a problemas de investigación.
526 _aP202
526 _aP201
526 _aP163
526 _aP162
526 _aP161
526 _aP160
526 _aP148
526 _aP147
526 _aP146
526 _aP145
526 _aP144
526 _aP143
526 _aP142
526 _aP141
526 _aP140
526 _aP139
526 _aP138
526 _aP137
526 _aP136
526 _aP135
526 _aP134
526 _aP133
526 _aP129
526 _aP128
526 _aP127
526 _aP120
526 _aP119
526 _aP118
526 _aP116
526 _aP115
526 _aP114
526 _aP110
526 _aP109
526 _aP108
526 _aP104
526 _aP103
526 _aP102
526 _aP99
526 _aP98
526 _aP97
526 _aP96
526 _aP95
526 _aP93
526 _aP90
526 _aP89
526 _aP88
526 _aP83
526 _aP82
526 _aP62
526 _aP59
526 _aP58
526 _aP57
526 _aP51
526 _aP49
526 _aP48
526 _aP47
526 _aP29
526 _aP24
526 _aP20
526 _aP19
526 _aP17
526 _aP15
526 _aP14
526 _aP12
526 _aP10
526 _aP09
526 _aP08
526 _aP07
526 _aP06
526 _aP05
526 _aP04
526 _aP01
596 _a1 2
650 0 4 _aCIENCIAS SOCIALES
_xINVESTIGACIONES
_vESTADISTICA.
650 0 4 _aINVESTIGACION SOCIAL
_xESTADISTICA.
650 0 4 _aSOCIOLOGIA URBANA
_xINVESTIGACIONES
_vESTADISTICA.
910 _ajck
_bjvq
_cjck
942 _2ddc
_cBOOK
994 _aC0
_bPEPRU
949 _a312 L54 1979
_wDEWEY
_c1
_iFT00147
_lCCODEBUT1
_mBUT
_p10.00
_r0
_sY
_tBOOK
_u2016-7-11
_xINGENIERIA
_PP27
_0COMPRA
_o.STAFF. Colección Ciencias Humanas y Educación
949 _a312 L54
_wDEWEY
_c1
_i32773
_f2018-2-8
_g4
_lFIA2
_mBUL
_q1
_r0
_sY
_tBOOK
_u2015-6-16
_xINGENIERIA
_PP20
_0COMPRA
_o.STAFF. Colección Ciencias Humanas y Educación
949 _a312 L54
_wDEWEY
_c2
_i32775
_d2015-12-1
_e2015-11-30
_f2018-2-12
_g2
_lCCODEBUL1
_mBUL
_n1
_p5.00
_r0
_sY
_tBOOK
_u2015-6-16
_xEDUCACION
_PP20
_0COMPRA
_o.STAFF. Colección Ciencias Humanas y Educación
949 _a312 L54
_wDEWEY
_c3
_i32774
_f2017-2-12
_g3
_lLOST
_mBUL
_q1
_r1
_sY
_tBOOK
_u2015-6-16
_xINGENIERIA
_PP20
_0COMPRA
_o.STAFF.Colección Ciencias Humanas y Educación General
999 _a312 L54
_wDEWEY
_c57495
_i32773
_f2021-11-5
_g7
_lCCODEBUL1
_mBUL
_q1
_r0
_sY
_tBOOK
_u2015-6-16
_xBIBLIOTECA
_PP20
_0COMPRA
_o.STAFF. Colección General
_d57495
999 _a312 L54
_wDEWEY
_c2
_i32775
_d2019-5-30
_e2018-8-13
_f2019-12-11
_g5
_lCCODEBUL1
_mBUL
_n2
_p5.00
_q1
_r0
_sY
_tBOOK
_u2015-6-16
_xEDUCACION
_PP20
_0COMPRA
_o.STAFF. Colección Ciencias Humanas y Educación
999 _a312 L54
_wDEWEY
_c3
_i32774
_d2019-4-23
_f2021-11-5
_g6
_lCCODEBUL1
_mBUL
_q2
_r0
_sY
_tBOOK
_u2015-6-16
_xBIBLIOTECA
_PP20
_0COMPRA
_o.STAFF. Colección General
999 _a312 L54 1979
_wDEWEY
_c1
_iFT00147
_f2019-2-20
_g1
_lCCODEBUT1
_mBUT
_p10.00
_r0
_sY
_tBOOK
_u2016-7-11
_xINGENIERIA
_PP27
_0COMPRA
_o.STAFF. Colección General
980 _81
_gALBERTO SANCHEZ Responsable de Automatización